|
|
|
|
| LEADER |
00000nta a2200000 i 4500 |
| 001 |
dolg7460 |
| 005 |
20170102162804.0 |
| 008 |
160530suuuu hu om 000 hun d |
| 040 |
|
|
|a BGE Dolgozattár Repozitórium
|b hun
|
| 041 |
|
|
|a hu
|
| 100 |
1 |
|
|a Györgypál Anikó
|
| 245 |
1 |
0 |
|a Turisztikai vállalkozások stratégiai döntéseit előkészítő pénzügyi számítások
|c Györgypál Anikó
|h [elektronikus dokumentum]
|
| 695 |
|
|
|a Pénzügyi számítások
|
| 695 |
|
|
|a Stratégiai döntések
|
| 700 |
1 |
|
|a Juhász Dr. László
|e ths
|
| 856 |
4 |
0 |
|u http://dolgozattar.uni-bge.hu/7460/1/Szakdolgozat_Turizmus_MA_GYA_2016.pdf
|z Dokumentum-elérés
|